Dvojoblastný kompozičný model projekcie spoločenského produktu (SP) a jeho zložiek za SSR, ČSR a ČSSR

Bibliographic Details
Main Author: Laščiak, Adam, 1929-2001 (Author)
Format: Article
Language:Slovak
PhysicalDescription:Res. rus.
Subjects:

MARC

LEADER 00000nab a2200000 a 4500
001 vtls000172408
003 SK-MaSNL
005 20260304071228.0
008 250422c1983 xo 0 slo
015 |a SNBRB19rr/mm-uuuuu 
035 |a CL0182520 
035 |a urn:nbn:sk:snk-ab2ft6 
035 |a (urnnbn)urn:nbn:sk:snk:ar-a02dch 
035 |a (uuid)8584af1d-4ac8-4220-afcf-910507aad178 
040 |a SNKBUCL  |b slo  |c SNKBUCL  |e AACR2 
041 0 |a slo 
044 |a xo  |c SK 
080 |a 330.5:519.86  |2 1981 
080 |a 519.86  |2 1981 
100 1 |a Laščiak, Adam,  |d 1929-2001  |4 aut  |9 215025 
245 1 0 |a Dvojoblastný kompozičný model projekcie spoločenského produktu (SP) a jeho zložiek za SSR, ČSR a ČSSR  |c Adam Laščiak 
300 |b Res. rus. 
650 0 7 |a produkt spoločenský  |2 snkbucl  |9 952634 
650 0 7 |a modely matematické  |2 snkbucl  |9 898916 
655 7 |a články z novín a časopisov  |2 snkbucl  |9 267496 
773 0 |t Ekonomické rozhľady  |g Roč. 16, č. 1 (1983), s. 11-22 
850 |a Slovenská národná knižnica 
852 |a Slovenská národná knižnica 
954 |a odborná, vedecká literatúra pôvodná (slovenská)  |2 lita 
958 |a article27 
958 |a RK 
958 |a OND 
958 |a EUIPO 
992 |a RBX 
999 |c 2759513  |d 2761443